Геологическая изученность СССР. Т. 14: РСФСР. Средний Урал. Период 1941-1945 (Запись № 8339082)

Подробности
000 -МАРКЕР
контрольное поле 02408nam2a22003131 4500
001 - ИДЕНТИФИКАТОР ЗАПИСИ
контрольное поле rc\4368031
005 - ИДЕНТИФИКАТОР ВЕРСИИ
контрольное поле 20250612062309.0
021 ## - НОМЕР ГОСУДАРСТВЕННОЙ РЕГИСТРАЦИИ
Код страны российская федерация
Номер [69-54562]
035 ## - ДРУГИЕ СИСТЕМНЫЕ НОМЕРА
Идентификатор записи (NLR Aleph) 008539643
100 ## - ДАННЫЕ ОБЩЕЙ ОБРАБОТКИ
Данные общей обработки 20130416d1971 |||y0rusy50 ca
101 0# - ЯЗЫК РЕСУРСА
Язык текста, звукозаписи и т.д. русский
102 ## - СТРАНА ПУБЛИКАЦИИ ИЛИ ПРОИЗВОДСТВА
Страна публикации российская федерация
105 ## - ПОЛЕ КОДИРОВАННЫХ ДАННЫХ: ТЕКСТОВЫЕ МАТЕРИАЛЫ, МОНОГРАФИЧЕСКИЕ
Кодированные данные о монографическом текстовом документе y z |||||
200 1# - ЗАГЛАВИЕ И СВЕДЕНИЯ ОБ ОТВЕТСТВЕННОСТИ
Основное заглавие РСФСР. Средний Урал. Период 1941-1945
Сведения, относящиеся к заглавию В 50 т.]
Первые сведения об ответственности [Авт. М.П. Жуйкова, Г.Н. Папулов, Б.И. Чувашов и др.
Последующие сведения об ответственности Сост. М.П. Жуйкова]
-- АН СССР. Уральск. филиал. М-во геологии СССР. Комис. по геол. изученности СССР. Ин-т геологии и геохимии. М-во геологии РСФСР. Уральск. территор. геол. упр.
Обозначение и номер части Вып. 1
Наименование части Опубликованные работы
210 ## - ПУБЛИКАЦИЯ, РАСПРОСТРАНЕНИЕ И ДР.
Место издания, распространения и т.д. Москва
Имя издателя, распространителя и т. д. Наука
Дата издания, распространения и т.д. 1971
215 ## - ФИЗИЧЕСКАЯ ХАРАКТЕРИСТИКА
Специфическое обозначение материала и объем 234 с.
Размеры 27
320 ## - ПРИМЕЧАНИЯ О НАЛИЧИИ В ДОКУМЕНТЕ БИБЛИОГРАФИИ / УКАЗАТЕЛЯ
Текст примечания Указ. авт., предм.-систем., геогр., минералов, полезных ископаемых и месторождений: с. 217-233
461 #0 - УРОВЕНЬ НАБОРА
Встроенное поле 001rc\4367873
-- 2001#$aГеологическая изученность СССР$e[Обзорные главы, рефераты, аннотации и библиогр. справки]$fГлав. ред.: ...В.В. Тихомиров (глав. ред.) [и др.]$gАН СССР. М-во геологии СССР. Комис. по геол. изученности СССР. Ордена Ленина Кольский филиал им. С.М. Кирова. Геол. ин-т Сев.-Зап. геол. упр. Т. 1-$vТ. 14
Системный номер (АБИС) связанной записи 8338148
Место публикации Ленинград
Дата публикации 1968-
Первые сведения об ответственности Глав. ред.: ...В.В. Тихомиров (глав. ред.) [и др.]
Имя издателя, распространителя и т.д. Наука. Ленингр. отд-ние
Сведения, относящиеся к заглавию [Обзорные главы, рефераты, аннотации и библиогр. справки]
Заглавие Геологическая изученность СССР
Номер тома Т. 14
606 ## - НАИМЕНОВАНИЕ ТЕМЫ КАК ПРЕДМЕТ
Наименование темы Геология
Географический подзаголовок Средний Урал (т. 14)
Код системы psbo
701 #1 - ИМЯ ЛИЦА - АЛЬТЕРНАТИВНАЯ ОТВЕТСТВЕННОСТЬ
Начальный элемент ввода Папулов
Часть имени, кроме начального элемента ввода Г.Н.
701 #1 - ИМЯ ЛИЦА - АЛЬТЕРНАТИВНАЯ ОТВЕТСТВЕННОСТЬ
Код отношения Автор
Графика поля Кириллица
Материалы, к которым относится поле rus
Начальный элемент ввода Чувашов
Часть имени, кроме начального элемента ввода Б. И.
Даты 1935-2022
Расширение инициалов личного имени Борис Иванович
Системный номер авторитетной/нормативной записи 246779
Идентификатор авторитетной/нормативной записи RU\NLR\AUTH\770246835
701 #1 - ИМЯ ЛИЦА - АЛЬТЕРНАТИВНАЯ ОТВЕТСТВЕННОСТЬ
Начальный элемент ввода Жуйкова
Часть имени, кроме начального элемента ввода М.П.
Код отношения Составитель
801 #0 - ИСТОЧНИК ЗАПИСИ
Страна российская федерация
Организация NLR
Правила каталогизации psbo
801 #1 - ИСТОЧНИК ЗАПИСИ
Страна российская федерация
Организация ELAR
Источник данных rusmarc
852 ## - МЕСТОНАХОЖДЕНИЕ И ШИФР ХРАНЕНИЯ
Идентификатор организации NLR
Шифр хранения (Call Number) 61-7/560
942 ## - ДОПОЛНИТЕЛЬНЫЕ ЭЛЕМЕНТЫ ЗАПИСИ (АБИС)
Тип экземпляра АБИС Книга
980 ## - КОЛЛЕКЦИЯ
Название коллекции Национальная библиография
Экземпляры
Тип экземпляра Дата поступления Библиотека постоянного хранения Библиотека текущего хранения Место хранения Шифр хранения Штрих-код Статус не для выдачи
Книга 26.10.2013 РНБ (Московский) РНБ (Московский) Русский книжный фонд: издания с 1957 года, 3этаж Хран 61-7/560 8539643-10